Sports Quiz

Random Sports or Minefield Quiz

English Football Champions Minefield Quiz Stats

Quiz Updated Jan 12, 2018

Challenge
Share
Tweet
Embed
Score 0/25 Timer 07:00
22 Plays Today
#Won Team % Correct
20???
94%
13???
90.4%
18???
90%
5???
87.8%
4???
85%
2???
68.3%
9???
67.4%
3???
66.6%
7???
59.6%
1???
58.8%
3???
57.6%
1???
57.6%
4???
51.1%
#Won Team % Correct
2???
33.5%
2???
31.6%
6???
30.3%
3???
25.9%
4???
24.9%
3???
23.1%
1???
20.1%
1???
20%
2???
19.7%
1???
17.1%
Mines:???
16.3%
2???
16%

You're not logged in!

Compare scores with friends on all Sporcle quizzes.
Join for Free
OR
Log In

You Might Also Like...

Show Comments

Extras

Top Quizzes Today


Score Distribution

Your Account Isn't Verified!

In order to create a playlist on Sporcle, you need to verify the email address you used during registration. Go to your Sporcle Settings to finish the process.

Report this User

Report this user for behavior that violates our Community Guidelines.

Details: